LES INSTITUTIONS GRECQUES A L'EPOQUE CLASSIQUE

Đã lưu trong:
Chi tiết về thư mục
Tác giả chính: Mossé, Claude (autor)
Định dạng: Sách
Các nhãn: Thêm thẻ
Không có thẻ, Là người đầu tiên thẻ bản ghi này!

MARC

LEADER 00000nam^a2200000^a^4500
001 000203658
005 20250521000000.0
009 20260310103019.431
035 |a 031180 
037 |a Acervo Xavier Clavigero 
082 |a 926.  |b MOS 
100 |a Mossé, Claude  |e (autor) 
245 1 4 |a LES INSTITUTIONS GRECQUES A L'EPOQUE CLASSIQUE 
264 |a París, Francia :  |b Libraire Armand Colin,  |c 1967 
300 |a 222 
336 |a texto  |b txt  |2 rdacontenido 
337 |a sin mediación  |b n  |2 rdamedio 
338 |a volumen  |b nc  |2 rdasoporte 
649 |a XX 
910 |a Fondo General 
920 |a Impresos - Libros 
930 |a Colección General 
905 |a 101 
901 |a 031180  |b IT1  |c ACC  |i 031180  |u 20250521 
902 |a https://opac.biblio.iteso.mx/vufind/Record/000203658